Skład reprezentacji Polski na Mistrzostwach Świata 2006 - Statystyki

Ogólne statystyki
  • Ten quiz został rozwiązany 42 razy
  • Średni wynik to 18 z 23
Statystyki odpowiedzi
Nazwisko % Poprawnych
Artur Boruc
100%
Jacek Bąk
92%
Jacek Krzynówek
92%
Mariusz Lewandowski
92%
Maciej Żurawski
89%
Euzebiusz Smolarek
86%
Tomasz Kuszczak
86%
Michał Żewłakow
83%
Paweł Brożek
83%
Grzegorz Rasiak
81%
Łukasz Fabiański
81%
Ireneusz Jeleń
78%
Mariusz Jop
78%
Radosław Sobolewski
78%
Marcin Bosacki
75%
Mirosław Szymkowiak
72%
Marcin Baszczyński
69%
Sebastian Mila
69%
Seweryn Gancarczyk
61%
Arkadiusz Radomski
58%
Dariusz Dudka
50%
Kamil Kosowski
50%
Piotr Giza
47%
Nie znaleziono quizów pasujących do podanych kryteriów
Rozkład punktacji
Procent ludzi z każdym wynikiem
Percentyl według liczby udzielonych odpowiedzi
Twoja historia wyników
Nie rozwiązałeś tego quizu